000
00395nam a2200109Ia 4500
008
221009s9999 xx 000 0 und d
082
_a
020
100
_a
डॉ जी डी भार्गव
_9
36839
245
0
_a
ग्रन्थालय वर्गीकरण
260
_b
मध्यप्रदेश हिन्दी ग्रन्थ अकादमी
942
_c
BK
999
_c
64685
_d
64685